| 000 | 00516nam a2200205Ia 4500 | ||
|---|---|---|---|
| 005 | 20250923144226.0 | ||
| 008 | 008 250917s9999 xx 000 0 eng d | ||
| 037 | _aTextual | ||
| 040 |
_aDSWL _beng _cDSWL |
||
| 041 |
_aeng _2eng |
||
| 084 |
_aL:5, H6 _qDSWL |
||
| 100 |
_aJames, F. E. _9822584 |
||
| 245 | 0 |
_aBattle for health _cby F.E. James |
|
| 260 |
_aBombay _c1946 |
||
| 300 | _a91 p. | ||
| 365 |
_aINR _b1 |
||
| 925 | _g1 | ||
| 942 |
_cTEXL _hL:5, H6 |
||
| 999 |
_c1436299 _d1436299 |
||